00297nam a2200121Ia 4500008004100000100001600041245003200057260001600089260000900105546001200114690003200126999001700158170627s9999 xx 000 0 und d aMAHAJAN- M. 0aSTATISTICAL QUALITY CONTROL bDHAMPAT RAI c2006 aENGLISH aSTATISTICAL QUALITY CONTROL c35361d35361